|
|
|
|
| LEADER |
00000nam0a2200000 4500 |
| 001 |
353645 |
| 005 |
20231102010619.0 |
| 035 |
|
|
|a (RuTPU)RU\TPU\retro\10902
|
| 090 |
|
|
|a 353645
|
| 100 |
|
|
|a 20200526d1972 km y0rusy50 ca
|
| 101 |
0 |
|
|a rus
|
| 102 |
|
|
|a RU
|
| 105 |
|
|
|a a j 000zy
|
| 200 |
1 |
|
|a Практическая аэродинамика самолета Ан-24
|e учебное пособие для вузов
|f Л. Е. Богославский
|
| 205 |
|
|
|a 2-е изд., дораб. и доп.
|
| 210 |
|
|
|a Москва
|c Транспорт
|d 1972
|
| 215 |
|
|
|a 197 с.
|c ил.
|
| 606 |
1 |
|
|a Самолеты
|x Аэродинамика
|2 stltpush
|3 (RuTPU)RU\TPU\subj\53613
|9 71782
|
| 610 |
1 |
|
|a учебные пособия
|
| 610 |
1 |
|
|a аэродинамические характеристики
|
| 610 |
1 |
|
|a силовые установки
|
| 610 |
1 |
|
|a центровка
|
| 610 |
1 |
|
|a расчет
|
| 610 |
1 |
|
|a равновесие
|
| 610 |
1 |
|
|a устойчивость
|
| 610 |
1 |
|
|a управляемость
|
| 610 |
1 |
|
|a горизонтальный полет
|
| 610 |
1 |
|
|a набор
|
| 610 |
1 |
|
|a высота
|
| 610 |
1 |
|
|a снижение
|
| 610 |
1 |
|
|a развязка
|
| 610 |
1 |
|
|a посадка
|
| 610 |
1 |
|
|a прочность
|
| 610 |
1 |
|
|a обледенение
|
| 675 |
|
|
|a 629.73.015.3(075.8)
|v 4
|
| 700 |
|
1 |
|a Богославский
|b Л. Е.
|g Леонид Емельянович
|
| 801 |
|
1 |
|a RU
|b 63413507
|c 20200526
|
| 801 |
|
2 |
|a RU
|b 63413507
|c 20200928
|g RCR
|
| 942 |
|
|
|c BK
|